| 000 | 00776cam a22002415a 4500 | ||
|---|---|---|---|
| 001 | 18474354 | ||
| 005 | 20160302121154.0 | ||
| 008 | 150202s2015 enk frb f001 0 eng d | ||
| 020 | _a9781107527805 (paperback) | ||
| 020 | _a9781107111073 (hardback) | ||
| 040 |
_aDLC _beng _cDLC _dDLC _dEG-ScBUE |
||
| 082 | 0 | 4 |
_a347.09 _222 _bBAN |
| 100 | 1 |
_aBantekas, Ilias. _939463 |
|
| 245 | 1 | 3 |
_aAn introduction to international arbitration / _cIlias Bantekas. |
| 260 |
_aCambridge : _bCambridge University Press, _c2015. |
||
| 300 |
_alix, 336 p. ; _c23 cm. |
||
| 500 | _aIndex : p. 321-336. | ||
| 504 | _aIncludes bibliographical references. | ||
| 650 | 7 |
_aInternational commercial arbitration. _2BUEsh _939464 |
|
| 651 | _2BUEsh | ||
| 653 |
_bLLAAWW _cFebruary2016 |
||
| 942 | _2ddc | ||
| 999 |
_c21279 _d21251 |
||